| 000 -LEADER |
| fixed length control field |
00353cam a22001217a 4500 |
| 008 - FIXED-LENGTH DATA ELEMENTS--GENERAL INFORMATION |
| fixed length control field |
180718b1996 xxu||||| |||| 00| 0 eng d |
| 020 ## - INTERNATIONAL STANDARD BOOK NUMBER |
| International Standard Book Number |
8172380151 |
| 100 ## - MAIN ENTRY--PERSONAL NAME |
| Personal name |
Prasad, Basudeo |
| 245 ## - TITLE STATEMENT |
| Title |
Paryavaran pradushan: bachav avom niyantran (Hindi) |
| Statement of responsibility, etc. |
by Basudeo Prasad |
| 260 ## - PUBLICATION, DISTRIBUTION, ETC. |
| Place of publication, distribution, etc. |
New Delhi |
| Name of publisher, distributor, etc. |
Venus |
| Date of publication, distribution, etc. |
1996 |
| 300 ## - PHYSICAL DESCRIPTION |
| Extent |
88p. |
| 650 ## - SUBJECT ADDED ENTRY--TOPICAL TERM |
| Topical term or geographic name entry element |
Environment pollution |